000
00202nam a2200085Ia 4500
008
120527s9999 xx 000 0 und d
100
_a
GIDDENE, Duneier
245
_a
Introduction to Sociology
942
_c
BK
999
_c
25459
_d
25459